Farṭ al-rummān, (Record no. 46106)

MARC details
000 -LEADER
fixed length control field 00650cam a22002051 4500
001 - CONTROL NUMBER
control field ne 63001469
003 - CONTROL NUMBER IDENTIFIER
control field DLC
005 - DATE AND TIME OF LATEST TRANSACTION
control field 20260227111748.0
008 - FIXED-LENGTH DATA ELEMENTS--GENERAL INFORMATION
fixed length control field 820126q19601969ua a 000 1 arar
010 ## - LIBRARY OF CONGRESS CONTROL NUMBER
LC control number ne 63001469
035 ## - SYSTEM CONTROL NUMBER
System control number (OCoLC)8095095
040 ## - CATALOGING SOURCE
Original cataloging agency DLC
Transcribing agency TU
Modifying agency TU
-- DLC
050 00 - LIBRARY OF CONGRESS CALL NUMBER
Classification number PZ90.A7
Item number A74
100 1# - MAIN ENTRY--PERSONAL NAME
Personal name ʻAshrī, ʻAbd al-Salām,
Titles and words associated with a name writer for children.
245 10 - TITLE STATEMENT
Title Farṭ al-rummān,
Statement of responsibility, etc. bi-qalam ʻAbd al-Salām al-ʻAshrī.
260 ## - PUBLICATION, DISTRIBUTION, ETC.
Place of publication, distribution, etc. al-Qāhirah,
Name of publisher, distributor, etc. Maktabat al-Qāhirah al-Ḥadīthah
Date of publication, distribution, etc. [196-]
300 ## - PHYSICAL DESCRIPTION
Extent 159 p.
Other physical details illus.
Dimensions 19 cm.
490 0# - SERIES STATEMENT
Series statement Aṭfālī al-aʻizzāʼ, Qiṣaṣ waṭanīyah.
500 ## - GENERAL NOTE
General note Text vocalized.

No items available.

Powered by Koha